00637 2200241 4500001002100000005001500021035002000036245005800056100001900114250000600133300003500139700001700174260004900191082001000240084001600250020002200266650002200288990001700310990001700327990001700344990001700361990001700378INLIS00000000000028120180925012543 a0010-09180001351 aCut Nyak Dien /cA.M. Rustandie; Editor, Yan Goenarto0 aA.M. Rustandie a- aiv, 52 hlm. :bilus. ;c21 cm.0 aYan Goenarto aBandung :bPT Sarana Panca Karya Nusa,c2009 a923.5 a923.5 RUS c a978-979-978-305-2 abiografi Pahlawan a01170/H/2018 a01171/H/2018 a01172/H/2018 a01173/H/2018 a01174/H/2018